000 00469pab a2200181 454500
008 180718b2009 xxu||||| |||| 00| 0 eng d
100 _aRavi Prakash
245 _aYoung people's entry into wedlock: evidence from urban Uttar Pradesh
260 _c2009
300 _ap.159-80.
362 _aJun
650 _aMarriage - India - Uttar Pradesh
650 _aMarriage
700 _aParasuraman, Sulabha
773 _aArtha Vijnana
908 _aN
909 _a85879
999 _c85879
_d85879